| 000 | 00840cam a2200253 a 4500 | ||
|---|---|---|---|
| 001 | 000011517 | ||
| 005 | 20200929162458.0 | ||
| 008 | 830526s1984 caua b 001 0 eng | ||
| 020 | _a0933014945 | ||
| 040 |
_aDO-SdBNP _beng _cLC _dBNPHU |
||
| 060 | _aWV 270 H4345 | ||
| 082 |
_a617.8 _bH435d |
||
| 245 | 0 | 0 |
_aHearing disorders in adults : _bcurrent trends / _cedición James Jerger. |
| 260 |
_aCalifornia : _bCollege-Hill Press, _c1984. |
||
| 300 |
_axiii, 355 p. : _bil. ; _c24 cm. |
||
| 490 | 1 | _aSpeech, Language, and Hearing Disorders | |
| 504 | _aIncluye bibliografías e índices. | ||
| 650 | 4 |
_aTrastorno de la audición _927246 |
|
| 650 | 0 |
_aAudiometría _927247 |
|
| 700 | 1 |
_aJerger, James, _eed. _927248 |
|
| 830 | 0 |
_aSpeech, Language, and Hearing Disorders _927249 |
|
| 910 | _aCatalogación por copia / LC | ||
| 049 | _aBNGR | ||
| 999 |
_c11216 _d11216 |
||